Quiz o Peru - Statystyki

Ogólne statystyki
  • Ten quiz został rozwiązany 10 razy
  • Średni wynik to 6 z 15
Statystyki odpowiedzi
Hint Odpowiedź % Poprawnych
Stolica Peru Lima
100%
Góry w których się znajdują ruiny Andy
57%
Kolory na fladze Biały czerwony
57%
Zwierze będące symbolem Peru lama , alpaka
57%
Słynne górskie ruiny Inków Machu Picchu
57%
Jezioro na granicy z Boliwią Titicaca
57%
Największe niegdyś miasto i centrum kulturalne Inków Cuzco
43%
Kraj który skolonizował Peru Hiszpania
43%
Drugie największe miasto Arequipa
29%
Największe na świecie miasto odcięte od jakichkolwiek dróg Iquitos
29%
Narodowe peruwiańskie danie ceviche
14%
Danie ze świnki morskiej cuy
14%
Języki urzędowe Hiszpański , Keczua , Ajmara
14%
Kraje z którymi graniczy Peru Kolumbia Brazylia Boliwia Ekwador Chile
14%
Trzecie największe miasto Trujillo
14%
Nie znaleziono quizów pasujących do podanych kryteriów
Rozkład punktacji
Procent ludzi z każdym wynikiem
Percentyl według liczby udzielonych odpowiedzi
Twoja historia wyników
Nie rozwiązałeś tego quizu